| 000 | 00880nam0a22002291 4500 | ||
|---|---|---|---|
| 001 | RU\NLR\A1SV\110646 | ||
| 005 | 20240725004124.0 | ||
| 035 | _a(NLR Aleph) 009791999 | ||
| 090 |
_a10140343 _c10140343 |
||
| 100 | _a20110518d1926 u y0rusy50 ca | ||
| 101 | 0 | _arus | |
| 102 | _aRU | ||
| 200 | 1 | _aОтчет Рыбинского горуездного исполнительного комитета 18-му Рыбинскому уезд. съезду Советов рабочих, крестьянских и красноармейских депутатов 1924-1925 г. | |
| 210 |
_aРыбинск _d1926 |
||
| 215 |
_aII, 156 с., 10 л. ил. _d22 см |
||
| 620 | _dРыбинск | ||
| 710 | 0 | 2 | _aРыбинский гор.-уезд. испол. ком. Советов |
| 801 | 0 |
_aRU _brnb _c20110518 |
|
| 852 |
_aNLR _j93/784 |
||
| 942 | _cBOOK | ||
| 980 | _aA1SV | ||